000 00288nam a2200097Ia 4500
082 _aTSO|F|THUK
245 0 _aA hi fambe m'nghaname
100 _a Thuketana, Felix A. Elim Hospital, [South Africa], [c.2011]
_953492
942 _cBK
008 210817s9999 xx 000 0 und d
999 _c169639
_d169638